000 00680nam a22001817a 4500
003 BD-DhUL
005 20180107125339.0
008 180107s1980 ii |||| |||| 000 0 ben d
040 _aBD-DhUL
_cBD-DhUL
082 _a891.443
_bSAG
100 1 _aবসু, ষমরেশ।
245 1 _aসমরেম বসু-র গল্পসংগ্রহ :
_b৪র্থ খণ্ড /
_cসমরেম বসু।
260 _aকলকাতা :
_bবিশ্ববাণী প্রকাশনী,
_c১৯৮০।
300 _aখণ্ড ;
_c২২ সেমি.
650 4 _aবাংলা উপন্যাস
650 4 _aBengali fiction
942 _2ddc
_cBK
999 _c236307
_d236307